• 首页
  • 本馆介绍
  • 公告通知
  • 最新文献
  • 馆藏检索
  • 电子资源
  • 读者荐购
  • 参考咨询
  • CALIS
  • 我的图书馆
  • 登录
  • 详细信息显示
  • 放入我的书架
  • 预约/预借图书
  • 作者相关作品
  • 分类相关作品
  • 丛书相关作品
  • 出版社相关作品

书目信息

  • 表格格式
  • 工作单格式
  • 卡片格式
题名:
Jupyter Notebook数据分析入门与实战
    
 
作者: 池内孝启 , 片柳薰子 , 岩尾遥 , 都利来 著 ;郭海娇 译
分册:  
出版信息: 北京   人民邮电出版社  2020.11
页数: 12, 391页
开本: 24cm
丛书名:
单 册:
中图分类: TP274
科图分类:
主题词: 数据处理软件--shu ju chu li ruan jian
电子资源:
ISBN: 978-7-115-44549-0
 
 
 
 
 
000 01265nam0 2200337 450
001 CAL 0120203105374
005 20201105131743.5
010    @a978-7-115-44549-0@dCNY99.00
092    @aCN@bRT951-0823
100    @a20201105d2020 em y0chiy0120 ea
101 1  @achi@cjpn
102    @aCN@b110000
105    @aa z 000yy
106    @ar
200 1  @aJupyter Notebook数据分析入门与实战@AJupyter Notebookshu ju fen xi ru men yu shi zhan@f(日) 池内孝启 ... [等] 著@g郭海娇译
210    @a北京@c人民邮电出版社@d2020.11
215    @a12, 391页@c图 (部分彩图)@d24cm
304    @a题名页题其余责任者: 片柳薰子, 岩尾遥, 都利来
306    @a由Gijutsu-Hyohron Co., Ltd.授权出版
330    @a本书共十章, 介绍了“Jupyter Notebook”如何使用以及“数据可视化”的相关内容, 重点介绍了可以高效解决数据可视化的库, 比如pandas、matplotlib、bokeh的使用方法和高效技巧。
606 0  @a数据处理软件@Ashu ju chu li ruan jian
690    @aTP274@v5
701  0 @a池内孝启@Achi nei xiao qi@4著
701  0 @a片柳薰子@Apian liu xun zi@4著
701  0 @a岩尾遥@Ayan wei yao@4著
701  0 @a都利来@Adu li lai@4著
702  0 @a郭海娇@Aguo hai jiao@4译
801  0 @aCN@b人天书店@c20201105
901    @a人民邮电出版社
905    @aTSG@b0002081@dTP274@eC806@f1
997    @a期货
    
    Jupyter Notebook数据分析入门与实战/(日) 池内孝启 ... [等] 著/郭海娇译.-北京:人民邮电出版社,2020.11
    12, 391页:图 (部分彩图);24cm
    
    
    ISBN 978-7-115-44549-0:CNY99.00
    本书共十章, 介绍了“Jupyter Notebook”如何使用以及“数据可视化”的相关内容, 重点介绍了可以高效解决数据可视化的库, 比如pandas、matplotlib、bokeh的使用方法和高效技巧。
●
相关链接 在E读中查询图书 在当当中查询图书 在豆瓣中查询图书


正题名:Jupyter Notebook数据分析入门与实战     索取号:TP274/C806         预约/预借

序号 登录号 条形码 馆藏地/架位号 状态 备注
1 1549460   215494604   自科库301/301自科库 42排2列1层/ [索取号:TP274/C806] 在馆    
河南城建学院图书馆 欢迎您!
大连网信软件有限公司© 版权所有